Responses for Show #276 - Monday, September 30, 1985

Chuck Forrest game 1.

Contestants

[<< previous game]

Hilary Hill, a homemaker originally from Roselle, New Jersey

Chuck Forrest, a student from Grand Blanc, Michigan

Dane Garrett, a lawyer from Collinsville, Illinois (whose 3-day cash winnings total $17,900)

[next game >>]

Jeopardy! Round responses

PRIMATES
FOOD
"ROCK" & "ROLL" SONGS
SPORTS STADIUMS
WORLD CAPITALS
PLANT NAMES
    $100 8
Orangutan

Chuck
    $100 9
lady fingers

Hilary
    $100 11
Roll out the barrel

Dane
    $100 1
AstroTurf

Hilary
    $100 2
(Hilary: What is Berlin?)
(Alex: More specific.)

East Berlin

Hilary
    $100 26
crocus

Chuck
    $200 16
arboreal

Chuck
    $200 10
Dagwood sandwich

Chuck
    $200 13
(Hilary: What is [*] like a rock?)
[Accepted as correct]

"Solid"

Hilary
    $200 6
Yankee Stadium

Chuck
    $200 3
Quito

Hilary
    $200 27
tulip

Chuck
    $300 17
man

Chuck
    $300 21
quiche

Chuck
    $300 14
"Roll Over Beethoven"

Chuck
    $300 12
Pittsburgh

Chuck
    $300 4
Brussels

Chuck
    $300 28
[The end-of-signal round sounds.]

nasturtium

Chuck
    $400 18
eyes

Chuck
    $400 22
(Alex: We have a minute to go in the round.)

paella

Chuck
    $400 15
"Rock Around The Clock"

Hilary
    $400 23
R.F.K. Stadium

Chuck
    $400 5
Kabul

Dane
    $500 19
(Chuck: What is the gorilla?)

the big baboon

Chuck
    $500 25
rice table

Chuck
    $500 20
"I Am A Rock" (or "Loves Me Like A Rock")

Hilary
    $500 24
New Orleans

Chuck
    $500 7
Salisbury

Hilary

Scores at the first commercial break (after clue 12):

Dane Chuck Hilary
$500 $1,100 $1,000

Scores at the end of the Jeopardy! Round:

Dane Chuck Hilary
$500 $4,500 $2,100

Double Jeopardy! Round responses

AMERICAN LITERATURE
MOVIE TRIVIA
ENERGY
WEST VIRGINIA
PEOPLE
ANCIENT TIMES
    $200 11
tan

Chuck
    $200 15
Dracula

Hilary
    $200 13
oil

Chuck
    $200 9
chewing tobacco

Chuck
    $200 1
Victoria Principal

Dane
    $200 4
A.D.

Chuck
    $400 19
(Arthur) Miller

Dane
    $400 16
Casablanca

Dane
    $400 14
coal

Hilary
    $400 10
Chuck Yeager

Hilary
    $400 2
Abbie Hoffman

Dane
    $400 5
the Nile

Chuck
    $600 21
Nabokov

Chuck
    $600 23
(Hilary: What is his voice?)
(Alex: Be more specific.)

his French accent

Hilary
    $600 25
[The end-of-round signal sounds.]

a rubber band

Chuck
    $1,500 12
Virginia

Chuck
    $600 3
Fess Parker

Chuck
    $600 6
Androcles

Chuck
    $800 22
Jack Dempsey

Triple Stumper
    $2,000 7
Athens and Sparta

Chuck
    $1000 20
(Dane: Who is Omoo?)
...
(Alex: With less than a minute to go in the round.)

Billy Budd

DaneChuck
    $1000 17
John Wayne

Dane
    $1000 18
(Chuck: What is light?)
(Alex: Be more specific.)
(Chuck: What is light energy? [*]?)

solar energy

Chuck
    $1000 24
Auckland

Chuck
    $1000 8
fasces

Chuck

Scores at the end of the Double Jeopardy! Round:

Dane Chuck Hilary
$1,900 $15,600 $3,700
(lock game)

[wagering suggestions for these scores]

Final Jeopardy! Round responses

RECENT HISTORY
DaneWho is Nixon?
$1,900
HilaryWho is Richard Nixon?
$3,700
ChuckWho is Jimmy Carter?
$2,400
Jimmy Carter

Final scores:

Dane Chuck Hilary
$0 $18,000 $0
3rd place: Academy Broadway gear & Halleyscope New champion: $18,000 2nd place: Admiral refrigerator

Game dynamics:

Coryat scores:

Dane Chuck Hilary
$1,900 $14,000 $3,700
7 R,
1 W
32 R
(including 2 DDs),
1 W
(including 1 DD)
12 R,
0 W

Combined Coryat: $19,600

[game clues] [game scores] [suggest correction]

Game tape date: 1985-07-24
The J! Archive is created by fans, for fans. Scraping, republication, monetization, and malicious use prohibited; this site may use cookies and collect identifying information. See terms. The Jeopardy! game show and all elements thereof, including but not limited to copyright and trademark thereto, are the property of Jeopardy Productions, Inc. and are protected under law. This website is not affiliated with, sponsored by, or operated by Jeopardy Productions, Inc. Join the discussion at JBoard.tv.